Lettere scelte dalle familiari

Guardado en:
Detalles Bibliográficos
Autor principal: Cicerón, Marco Tulio (autor)
Formato: Libro
Lenguaje:latín
Publicado: Turín Societá Editrice Internazionale 1956
Materias:
Etiquetas: Agregar Etiqueta
Sin Etiquetas, Sea el primero en etiquetar este registro!

MARC

LEADER 00000nam a2200000 a 4500
001 UCZ5815
003 CL-VaPUC
008 951124e19560000IT |||||||||||||||||lat|d
082 0 4 |a 871  |b CIC  |2 21 
100 |a Cicerón, Marco Tulio  |e autor  |9 255203 
245 1 0 |a Lettere scelte dalle familiari 
300 |a 90 p 
942 |c BK 
945 |d 19951124 00:00:00  |a lriquelm 
260 |a Turín  |b Societá Editrice Internazionale  |c 1956 
650 0 |a Poesía latina   |9 341307 
650 0 |a Literatura latina   |9 258055 
650 0 |a Crítica literaria   |9 269189 
650 0 |a Crítica e interpretación   |9 255042 
583 |a last modification  |c 19951124 00:00:00  |k Rodrigo Vera 
999 |c 242103  |d 242101 
952 |0 0  |1 0  |4 0  |6 871_000000000000000_CIC_1956  |7 0  |8 P  |9 254827  |a BIBEDU  |b BIBEDU  |c BIBEDU_PB  |d 2019-11-19  |i 1577476  |o 871 CIC 1956  |p 1577476  |r 2024-01-25  |w 2019-11-19  |y BK  |k FIL 
952 |0 0  |1 0  |4 0  |6 871_000000000000000_CIC_1956  |7 0  |8 P  |9 254828  |a BIBEDU  |b BIBEDU  |c BIBEDU_PB  |d 2019-11-19  |i 1577484  |o 871 CIC 1956  |p 1577484  |r 2024-01-25  |w 2019-11-19  |y BK  |k FIL